00657nam a2200229 a 4500001001300000003000900013005001700022008004100039020002300080082001300103100002100116245002700137260003700164300000900201500003500210650001300245700002100258902000800279942000700287952011600294999001700410nice12345678IN_TiNIC20260116015317.0070914s1991 u sa grp 000 0 eng  a0964087618 c10000a230bLOE aLoewen, Elfrieda aBeliever`s Way of Life aU s a bHeritage Classics c1991 a365p aincludes index and biblioraphy aTheology1 aLoewen, Elfrieda bSRS cBK 001040708StackRoom-aHMIbHMId2007-09-14g100.00l0o230 LOEp11001868r2007-09-14v100.00w2007-09-14yBK c19185d19185